| 000 | 00336nam a2200145Ia 4500 | ||
|---|---|---|---|
| 008 | 200615s9999||||xx |||||||||||||| ||und|| | ||
| 020 | _a9788176495103 | ||
| 082 |
_a650 _bTHE-D |
||
| 100 | _aDECKER,BERT | ||
| 245 | 4 | _aTHE ART OF COMMUNICATING | |
| 250 | _a1ST | ||
| 260 |
_aNew Delhi _bVIVA BOOKS _c2018 |
||
| 300 | _a97 | ||
| 942 | _cBK | ||
| 999 |
_c28428 _d28428 |
||